000 02053nam0a2200301 4500
001 RU\NLR\bibl\67329
005 20260320140919.0
021 _aRU
_b1999-40196
_91987
035 _a(NLR Aleph) 000065685
090 _a359913
_c359913
100 _a20000127d1999 k y0rusy50 ca
101 0 _arus
102 _aRU
105 _ay |||||||||
200 1 _aМатериалы 12-ой научно-методической конференции профессорско-преподавательского состава кафедр общественных наук и общеобразовательных дисциплин Института имени И.Е. Репина по проблеме "Совершенствование учебно-образовательного процесса в условиях социально-экономической нестабильности государства"
_fРос. акад. художеств, С.-Петерб. гос. акад. ин-т живописи, скульптуры и архитектуры им. И.Е. Репина
210 _aСПб.
_cС.-Петерб. гос. акад. ин-т живописи, скульптуры и архитектуры
_d1999
215 _a36 с.
_d21
320 _aБиблиогр. в прим.в конце ст.
606 0 _aВысшие художественные учебные заведения
_jСъезды, совещания и т.п.
_xПреподавание
_92148850
_3RU\NLR\auth\661294319
686 1 _aЧ489.716я431
710 0 2 _aСанкт-Петербургский государственный академический институт живописи, скульптуры и архитектуры им. И. Е. Репина
_bНаучно-методическая конференция
_d12
_f1999
_9542549
_3RU\NLR\AUTH\8810022268
801 0 _aRU
_bNLR
_c20000127
_gPSBO
801 1 _aRU
_bNLR
_c20000127
852 _aNLR
_j99-4/9037
942 _cBOOK
980 _aNB